The learning sciences in educational assessment :the role of cognitive models
Saved in:
| Main Author: | |
|---|---|
| Format: | Book |
| Language: | English |
| Published: |
Cambridge University Press
2014
|
| Tags: |
Add Tag
No Tags, Be the first to tag this record!
|
MARC
| LEADER | 00000nam a22000007a 4500 | ||
|---|---|---|---|
| 008 | 210621b ||||| |||| 00| 0 eng d | ||
| 020 | |a 9780521122887 | ||
| 100 | |a LEIGHTON, Jacqueline P. | ||
| 245 | |a The learning sciences in educational assessment |b :the role of cognitive models |c Jacqueline P. Leighton and Mark J. Gierl |g v, 270p.;ill. | ||
| 260 | |b Cambridge University Press |c 2014 |h New York |i 696257 |i 696258 |l LB3051.L53 |m Educational tests and measurements |m Educational psychology |m Cognitive | ||
| 500 | |a It includes index and references | ||
| 942 | |a lcc |c BK |e Kuteyi, M. A. |f 21/06/2021 | ||
| 952 | |0 0 |1 0 |2 lcc |4 0 |6 LB3051 L53 |7 0 |9 2681 |a HOL |b HOL |c LP |d 2021-06-21 |l 0 |o LB3051.L53 |p 2021-6526 |r 2021-06-21 00:00:00 |w 2021-06-21 |y BK | ||
| 952 | |0 0 |1 0 |2 lcc |4 0 |6 LB3051 L53 |7 0 |9 2682 |a HOL |b ED |c LP |d 2021-06-21 |l 0 |o LB3051.L53 |p 2021-6527 |r 2021-06-21 00:00:00 |w 2021-06-21 |y BK | ||
| 999 | |c 1398 |d 1398 | ||